000 005200000a22001930004500
001 002712
003 MACL
005 20150728125719.0
008 150728b xxu||||| |||| 00| 0 eng d
040 _aMACL
_cMACL
041 _aEnglish
082 _a330/SIN
100 _aSingh, Shekhar
_92809
245 _aLarge Dams In India
_bSocial & Economic Impacts
_cShekhar Singh
260 _aNew Delhi
_c2002
_bIndian Institute Of Public Administration,
350 _a500
650 _aEconomics
_92810
942 _k330
_cBK
_2ddc
999 _c14621
_d14621